000
00339nam a2200157Ia 4500
003
OSt
005
20240311145329.0
008
170523s9999 xx 000 0 und d
020
_a
9788174732500
040
_c
iimtu meerut
100
_a
SINGH- SP
245
0
_a
CORPORATE STRATEGY
260
_b
AITBS
260
_c
2004
942
_2
ddc
_c
02
999
_c
1401
_d
1401